书目信息 |
| 题名: |
哥特艺术鉴赏
|
|
| 作者: | 高佐莉 著 ;彭小樵 译 | |
| 分册: | ||
| 出版信息: | 北京 北京大学出版社 1988 |
|
| 页数: | 64页 | |
| 开本: | 20cm | |
| 丛书名: | 世界艺术鉴赏译丛 | |
| 单 册: | ||
| 中图分类: | J110.93 | |
| 科图分类: | ||
| 主题词: | 艺术--世界--中世纪 | |
| 电子资源: | ||
| ISBN: | 7-301-00014-6 | |
| 000 | 00733nam0 2200229 45 | |
| 001 | 0405130911 | |
| 005 | 20050428154358.2 | |
| 010 | @a7-301-00014-6@b精装@dCNY4.65 | |
| 100 | @a20040513d1988 km y0chiy0120 ea | |
| 101 | 0 | @achi@cita |
| 105 | @aa z 000yy | |
| 200 | 1 | @a哥特艺术鉴赏@AGe Te Yi Shu Jian Shang@f(意)玛利亚·克里斯蒂娜·高佐莉著@F(Yi)Ma Li Ya·Ke Li Si Di Na·Gao Zuo Li Zhu@g彭小樵译 |
| 210 | @a北京@c北京大学出版社@d1988 | |
| 215 | @a64页@c彩图@d20cm | |
| 225 | @a世界艺术鉴赏译丛 | |
| 410 | @12001 @a世界艺术鉴赏译丛 | |
| 606 | 0 | @a艺术@x世界@z中世纪 |
| 690 | @aJ110.93@v3 | |
| 701 | 0 | @a高佐莉@4著 |
| 702 | 0 | @a彭小樵@APeng Xiao Qiao@4译 |
| 801 | @aCN@bTSTCL@c20040513 | |
| 905 | @dJ110.93@e15:3@f1@b248788 | |
| 哥特艺术鉴赏/(意)玛利亚·克里斯蒂娜·高佐莉著/彭小樵译.-北京:北京大学出版社,1988 |
| 64页:彩图;20cm.-(世界艺术鉴赏译丛) |
| ISBN 7-301-00014-6(精装):CNY4.65 |
| ● |
| 相关链接 |
|
|
|
|
正题名:哥特艺术鉴赏
索取号:J110.93/15:3
 
预约/预借
| 序号 | 登录号 | 条形码 | 馆藏地/架位号 | 状态 | 备注 |
| 1 | 0248788 | 002002120 | 第一借阅区/ [索取号:J110.93/15:3] | 在馆 | |
| 2 | 0248789 | 001239467 | 第一借阅区/ [索取号:J110.93/15:3] | 在馆 | |
| 3 | 0248790 | 001239458 | 第一样本阅览室/ [索取号:J110.93/15:3] | 在馆 |